Statistics for Commander Facts

Click here to take the quiz!

General Stats

  • This quiz has been taken 2 times
  • The average score is 6 of 15

Answer Stats

HintAnswer% Correct
Largest island in Canada.Baffin Island
100%
Currency of Greece before the emergence of the Euro.Drachma
100%
Capital of Tasmania.Hobart
100%
Former Country ruled by Josip Broz Tito.Yugoslavia
100%
Video game company known for the Elder Scrolls series.Bethesda
50%
Most populous modern-day British overseas territoryCayman Islands
50%
Philosopher who founded Daoism.Laozi
50%
Shellfish the U.S. state of Maine is famous for.Lobster
50%
Conjoined twins who popularized the term "Siamese Twins".Chang and Eng Bunker
0%
Dynasty that ruled Korea from 1392 to 1897.Joseon
0%
Large tidal bay in South America often characterized as a lake.Lake Maracaibo
0%
Area containing the archipelagoes of Cape Verde, the Azores, Madeira, and the Canary Islands.Macaronesia
0%
Rare forest giraffe found in the Democratic Republic of the Congo.Okapi
0%
King, Alexander the Great famously faced off against at the battle of the Hydapses.Porus
0%
Group that inhabits Southern Africa and are commonly referred to as "Bushmen".San People
0%

Score Distribution

Percentile by Number Answered

Percent of People with Each Score

Your Score History

You have not taken this quiz